000 01104nam a22003257a 4500
003 CHAP
005 20220329134627.0
008 971013s1974 r 00010 d
010 _a23210
011 _a24182
035 _a28281
040 _cCHAP
090 _aTesis
100 0 0 _aAzcunaga Rodarte, José.
_99105
245 _aContribución al estudio de la alimentación del cabrito cuate para la producción de carne
260 _a(Monterrey, N.L.) :
_bEl autor,
_c1974
300 _a54 h.
_b; gráfs
502 _aTesis (Ing. Agrónomo Zootecnista) -- ITESM. Div. de Ciencias Agropecuarias y Marítimas
590 _aALEPH
_b10
_c20130110
_lUCH01
_h1247
590 _aBATCH-UPD
_b10
_c20130110
_lUCH01
_h0116
590 _aBATCH-UPD
_b10
_c20130110
_lUCH01
_h2055
590 _aBATCH-UPD
_b10
_c20130410
_lUCH01
_h1408
590 _aBATCH-UPD
_b10
_c20130914
_lUCH01
_h0508
590 _aCONVERSION
_b10
_c20130109
_lUCH01
_h1314
650 1 4 _aCarne de cabra.
_919129
650 1 4 _aGanado cabrío
_xAlimentación.
_944990
901 _aBK
942 _cTESIS
949 _bBC
_cTES
_d-65164
_eTS1
_i28281
_si
999 _c23210
_d23210